=LDR 00000nam 2200000 4500 =001 INLIS000000000048444 =005 20161102141348.0 =006 =007 =008 =020 ##$$a 978-979--29--3066-5 =035 ##$$0010-111600000000023 =082 ##$$2 22 $a 428 =090 ##$$a 428 $b Bam e =100 ##$$a Bambang Udoyono =245 ##$$a English conversation for costumer service and sales promotion staf $c Bambang Udoyono =260 ##$$a Yogyakarta $b Andi $c 2012 =300 ##$$a x, 134 hlm. $c 21 cm. =650 ##$$a Bahasa Inggris - Percakapan